000
00262nam a2200109Ia 4500
008
220204s9999 xx 000 0 und d
082
_a
82-3
_b
BEN
100
_a
Benzoni, Juliette
245
2
_a
A snare for Catherine
260
_a
New York
_b
Avon
_c
1976
942
_c
BK
999
_c
30991
_d
30991